| 000 | 00458nam a2200157 a 4500 | ||
|---|---|---|---|
| 005 | 20140412111243.0 | ||
| 008 | 010503s19uu xx 00 eng d | ||
| 020 | _a0-8431-3143-8 | ||
| 050 |
_aER _bDi61 1988 |
||
| 245 |
_aDinosaurs : _bMy first book of / _cillustrated by Llyn Hunter. |
||
| 260 |
_aLos Angeles : _bPrice Stern Sloan, _c1988. |
||
| 300 | _a1v. (unp.) ; ill | ||
| 440 | _aLittle Q | ||
| 650 | _aCounting-Juvenile literature | ||
| 999 |
_c102840 _d102840 |
||